000 01252nam a22003737a 4500
001 0025126
003 KOHA_MİRAKIL
005 20260207002457.0
007 ta
008 101112b2010 tu |||gr||||#0|||1|tur |
020 _a9789753381581
_c7,51
040 _aTR-BiSEU
_btur
_cTR-BiSEU
_erda
041 0 _atur
044 _ctu
050 _aPL248.D580
_bN42 2010
100 1 _aİpekten, Haluk.
245 1 _aNef'i :
_bhayatı sanatı eserleri/
_cHaluk İpekten ; Haluk İpekten; editör Yaşar Aydemir.
264 1 _aAnkara :
_bAkçağ Yayınları
_c2010
300 _a 234, [9] sayfa; 20 cm.
336 _ametin
_btxt
_2rdacontent
337 _aaracısız
_bn
_2rdamedia
338 _acilt
_bnc
_2rdacarrier
490 1 _aAkçağ yayınları ;
_v183.
490 1 _aDivan Şairleri/ Biyografi -İnceleme ;
_v5.
500 _aOsmanlıca metin var.
650 0 _aNef'i, 1572-1635--Biography.
_950912
650 0 _aNef'i, 1572-1635--Biyografi.
_926864
650 0 _aNef'i, 1572-1635--Criticism and interpretation.
_926865
650 0 _aNef'i, 1572-1635--Kiritik ve yorum.
_926866
830 1 _aAkçağ yayınları ;
_v183.
_97970
830 1 _aDivan Şairleri/ Biyografi -İnceleme ;
_v5.
_950913
907 _aDivan
942 _2lcc
_cBK
999 _c25076
_d25076